000
00285nam a22001217a 4500
008
170607b xxu||||| |||| 00| 0 eng d
041
_a
eng
080
_a
32
100
_a
18
101
_a
SHP
245
_a
ESSAYS IN YHJE HITORY OF POLITICAL THOUGHT
_c
KRAMNICK.I
942
_2
udc
_c
BK
999
_c
16345
_d
16345